000 00789nam a2200241Ia 4500
003 OSt
005 20220923221738.0
006 a|||||r|||| 00| 0
007 ta
008 220922b |||||||| |||| 00| 0 hin d
024 _a199,737
037 _cTextual
040 _aARTS
_cARTS
_bhin
041 _2hin
_ahin
082 _aQ22:223:9, 152K3
100 _aसरस्वती, अखण्डानन्द
_9156285
245 0 _aश्रीमद्भागवत रहस्य
246 _aShrīmadbhāgavat rahasya
260 _c1994
490 _aसत्साहित्य प्रकाशन ट्र्स्ट 2
942 _hQ22:223:9, 152K3
_cTEXL
_2CC
999 _c351476
_d351476